Flaggen nach Buchstaben - L - Statistiken

Allgemein
  • Dieses Quiz wurde 76 mal gespielt
  • Das Durchschnittsergebnis liegt bei 8 aus 9
Antwortstatistiken
Bildquiz Antwort % Korrekt
Luxemburg
97%
Lettland
96%
Libanon
96%
Liechtenstein
94%
Laos
90%
Lesotho
87%
Litauen
87%
Liberia
82%
Libyen
81%
Keine übereinstimmenden Quizze gefunden
Verteilung der Resultate
Anzahl Personen mit jedem Resultat
Perzentil nach korrekt beantworteten Fragen
Ihre Resultats-Entwicklung
Sie haben dieses Quiz noch nicht gespielt